Shaikh Michael Mansoor Kiyon Masihi Huey. (Record no. 1421)

MARC details
000 -LEADER
fixed length control field 00620nam a2200241 a 4500
020 ## - INTERNATIONAL STANDARD BOOK NUMBER
ISBN
082 00 - DEWEY DECIMAL CLASSIFICATION NUMBER
Classification number 239
Author Cutter KAM
100 ## - MAIN ENTRY--AUTHOR NAME
Author name Kamil, Mansoor S K
245 ## - TITLE STATEMENT
Title Shaikh Michael Mansoor Kiyon Masihi Huey.
260 ## - PUBLICATION, DISTRIBUTION, ETC. (IMPRINT)
Place of publication Lahore
Name of publisher Punjab Religious Booksociety
Year of publication 1932
300 ## - PHYSICAL DESCRIPTION
Number of Pages 82p
500 ## - GENERAL NOTE
General note includes index and biblioraphy
505 2# - FORMATTED CONTENTS NOTE
Formatted contents note Bound one Volumes Part 1 & 2
650 ## - SUBJECT ADDED ENTRY--TOPICAL TERM
Topical Term Apologetics
942 ## - ADDED ENTRY ELEMENTS (KOHA)
Koha item type Books
700 1# -
-- Kamil, Mansoor S K
Holdings
Home library Current library Date acquired Cost, normal purchase price Full call number Accession Number Koha item type
Henry Martyn Institute Library Henry Martyn Institute Library 04/15/2016 100.00 239 KAM 4717 Archive Book
Henry Martyn Institute Library Henry Martyn Institute Library 04/15/2016 100.00 239 KAM 10908 Archive Book
                   Copyright © 2026 | Henry Martyn Institute | Hyderabad | TS-500052 | INDIA | Implemented by hmi.edu.in
Hit-Count:

Powered by Koha